000 00984nam a2200253Ia 4500
003 OSt
005 20220930085250.0
006 a|||||r|||| 00| 0
007 ta
008 220926b |||||||| |||| 00| 0 eng d
024 _a94546
037 _cTheses
040 _aCRL
_cCRL
_beng
041 _2eng
_aeng
100 _aRapsang Amy Grace
_9539846
110 _aUniversity of Delhi. Faculty of Medical Sciences. Department of Anaesthesiology
_9519568
245 0 _aTo evaluate the efficacy of intraoperative celiac plexus block with wound infiltration on postoperative analgesia surgical stress response and gut motility in upper abdominal surgery
_b A double blind randomized study
260 _c2007
650 _aANESTHETICS
_9519569
700 _a Dr. Suniti Kale Gu.
_9535986
700 _aUniversity of Delhi. Faculty of Medical Sciences. Department of Anaesthesiology
_9519571
942 _cDIS
_2CC
999 _c878635
_d878635